| 000 | 01015 a2200253 4500 | ||
|---|---|---|---|
| 005 | 20170627154356.0 | ||
| 008 | 170627s2017 ck ||||| |||| 00| 0 spa d | ||
| 020 | _a9789587632101 | ||
| 040 |
_aCO-BoUCM _bspa _cSaul Niño _dSaul Niño |
||
| 041 | 0 | _aspa | |
| 100 | 1 |
_aDueñas Gaitán, Félix Fernando _986400 |
|
| 245 | 1 | 0 |
_aRutas de éxito _bretos de la educación para adultos _cFélix Fernando Dueñas Gaitán |
| 260 |
_aBogotá (Colombia) _bCorporación Universitaria Minuto de Dios _c2017 |
||
| 300 |
_a129 páginas _bilustraciones |
||
| 490 | 0 |
_aCuadernillos de Investigación _v5 |
|
| 490 | 0 | _aSerie 2 Productividad | |
| 650 | 7 |
_aEducación _xAspectos sociales _zLatinoamérica _933650 |
|
| 650 | 7 |
_aEducación _xAspectos sociales _zNorteamérica _913779 |
|
| 650 | 7 |
_aEducación _xAspectos sociales _zEuropa _913779 |
|
| 650 | 7 |
_98655 _aAdultos mayores _xEducación |
|
| 650 | 7 |
_913791 _aEducación comparada |
|
| 942 |
_cLIBRO _2DEWEY _a10 _e1 _h374.013 _mD852r |
||
| 999 |
_c306847 _d306847 |
||